000 01324nam a22002775i 4500
001 164909
003 ES-MaACL
005 20250824052159.0
008 960523s18811883sp |||| | spa d
040 _aCLM
_bspa
_cCLM
100 1 _aSchiller, Friedrich,
_d1759-1805
_9104361
_eaut
245 1 0 _aObras dramáticas /
_cde Schiller ; traducidas directamente al castellano de la edición alemana de Cotta por Eduardo de Mier.
260 _aMadrid :
_bLuis Navarro editor,
_c1881-1883
300 _a3 v. ;
_c19 cm.
490 1 _aBiblioteca clásica ;
_v43, 49, 62
505 8 _aContiene: T. I. Los ladrones, p. 27-183 ; Wallenstein, p. 185-232 ; Los Piccolomini, p. 233-326 ; La muerte de Wallenstein, p. 327-468 -- T. II. La conjuración de Fiesco, p. 1-156 ; Intriga y amor, p. 157-288 ; D. Carlos, infante de España, p. 289-483 -- T. III. La desposada de Mesina, 1-107 ; La doncella de Orleans, p. 109-240 ; Guillermo Tell, p. 241-358 ; María Estuardo, p. 259-496
597 _aAntep.
655 0 _aTeatro
_9234794
700 1 _aMier, Eduardo de.
_9129906
_etrl
830 0 _aBiblioteca clásica ;
_v43, 49, 62
_9180370
852 _aES-MaACL
_cSPP2
_jF-13257-59
_xEditorial en tela
942 _2udc
_cMONANT
_n0
999 _c164909
_d164909